00491nam a22001457a 4500008004500000020001500045082001500060110002200075245006400097260004100161300001000202650004500212650004100257650004700298201023b 1991 ||||| |||| 00| 0 eng d a1870077032 a623.8bSAN aSanders, David J. aThe nautical institute on the work of the nautical surveyor aLondonbThe Nautical Institutec1991 a273p. aRole of the government nautical surveyor aNational transportation safety board aThe human factor in accident investigation